000 00524nam a2200169 4500
008 161213b xxu||||| |||| 00| 0 eng d
020 _a007254845
082 _22003
_aDRef 658.05
_bEc7
245 _aEconomic/
_cedited by Don Cole.
250 _a32nd edition
260 _aGuilford, Connecticut:
_bMcGraw-Hill,
_cc2003.
300 _axvi, 223 pages:
_billustrations;
_c28 cm.
500 _aIncludes appendix, glossary and index.
650 0 _918242
_aEconomics
700 _918243
_aCole, Don
_eEditor
942 _2ddc
_cDREF
999 _c6007
_d6007